| 000 | 01120nam a22002657a 4500 | ||
|---|---|---|---|
| 001 | BD-DhSAU 7469 | ||
| 003 | BD-DhSAU | ||
| 005 | 20230711101115.0 | ||
| 008 | 150422b2006 bg ||||| m||m 00| 0 eng d | ||
| 040 | _aBD-DhSAU | ||
| 082 |
_222 _a634.99 _bJ663 |
||
| 100 |
_aJOHRA, MST. FATEMA TUJ _eRegistration No. # 19-10357 |
||
| 245 |
_aEffect of n and p on the performance of
spinach (spinacia oleracea) in rooftop and farm / _bMS thesis |
||
| 260 |
_aSher-e- Bangla Agricultural University: _bDepartment of Agroforestry And Environmental Science, _c2021. |
||
| 300 |
_axii, 71p.: _b30 cm. |
||
| 500 | _aMS thesis of Department of Agroforestry And Environmental Science, Faculty of Agriculture , Sher-e-Bangla Agricultural University, Dhaka, Bangladesh | ||
| 590 | _aNamul | ||
| 650 | _an and p o | ||
| 651 | _aspinach (spinacia oleracea) | ||
| 654 | _arooftop and farm | ||
| 700 |
_aProf. Dr. Md. Forhad Hossain _eSuperviser |
||
| 700 |
_aProf. Dr. Md. Kausar Hossain _eCo-Superviser |
||
| 856 | _uhttp://archive.saulibrary.edu.bd:8080/xmlui/handle/123456789/4933 | ||
| 942 |
_2ddc _cTHESIS |
||
| 999 |
_c16893 _d16892 |
||